000 01104nam a2200229Ia 4500
003 Ost
005 20260507075125.0
008 260507s9999||||xx |||||||||||||| ||und||
040 _cfsecg
041 _aara
082 _a300
100 _aحسين، عبد الحميد أحمد رشوان
_eمؤلف
245 0 _aالسكان من منظور علم الإجتماع /
_c عبد الحميد أحمد رشوان حسين
250 _aطبعة 2
260 _aالقاهرة:
_bالمكتب الجامعي الحديث,
_c2006
300 _a228 صفحة؛
_c24 سم
520 _aعلم السكان ونظرياته-الدراسات والنظريات السكانية-علم اجتماع السكان-أثر العوامل الجغرافية في السكان-دور الثقافة والمعايير الإجتماعية في السكان-الإقتصاد والسكان-السياسة والسكان-الطبقة الإجتماعية والسكان-التغير الإجتماعي والسكان
653 _aدراسات
653 _aسكان
653 _aعلم
942 _cكتاب
999 _c43141
_d43141